ईश्वरवाद (Record no. 408268)

MARC details
000 -LEADER
fixed length control field 00419nam a2200157Ia 4500
008 - FIXED-LENGTH DATA ELEMENTS--GENERAL INFORMATION
fixed length control field 100122s9999 xx 000 0 und d
082 ## - DEWEY DECIMAL CLASSIFICATION NUMBER
Item number 19120
Classification number 211.3
100 ## - MAIN ENTRY--PERSONAL NAME
Personal name दांडेकर शं वा
245 ## - TITLE STATEMENT
Title ईश्वरवाद
250 ## - EDITION STATEMENT
Edition statement 1
260 ## - PUBLICATION, DISTRIBUTION, ETC. (IMPRINT)
Name of publisher, distributor, etc य.गो.जोशी
Date of publication, distribution, etc 1882
300 ## - PHYSICAL DESCRIPTION
Extent 261
630 ## - SUBJECT ADDED ENTRY--UNIFORM TITLE
Uniform title ईश्वरवाद
730 ## - ADDED ENTRY--UNIFORM TITLE
Uniform title ईश्वरवाद
942 ## - ADDED ENTRY ELEMENTS (KOHA)
Koha item type Book
Holdings
Withdrawn status Lost status Damaged status Not for loan Home library Current library Date acquired Cost, normal purchase price Total Checkouts Full call number Barcode Date last seen Cost, replacement price Price effective from Koha item type Public note
        S.V. Pathak Library, Vile Parle S.V. Pathak Library, Vile Parle 03/31/2008 5.00   19120 SVPPARLE-19120 01/25/2010 5.00 01/25/2010 Book General NA